[Event "St Petersburg Korchnoi Memorial op"]
[Site "St Petersburg"]
[Date "2024.08.22"]
[Round "9"]
[White "Tolstykh, Ivan"]
[Black "Kozlov, Alexei"]
[Result "0-1"]
[WhiteElo "1871"]
[BlackElo "2066"]
[PlyCount "76"]
[EventDate "2024.08.17"]
[EventType "swiss"]
[EventRounds "9"]
[EventCountry "RUS"]
[SourceTitle "EXT 2025"]
[Source "ChessBase"]
[SourceDate "2024.10.14"]
[SourceVersion "1"]
[SourceVersionDate "2024.10.14"]
[SourceQuality "1"]

1. d4 d5 2. c4 e6 3. Nf3 dxc4 4. g3 c5 5. Bg2 Nc6 6. e3 cxd4 7. exd4 Bb4+ 8. Nc3 Nf6 9. 0-0 0-0 10. a3 Be7 11. h4 h6 12. Be3 Nd5 13. Qe2 b5 14. Ne5 Bb7 15. Rfe1 Nxe5 16. Bxd5 exd5 17. dxe5 d4 18. Rad1 d3 19. Qg4 Bc8 20. Qf3 Be6 21. Rd2 b4 22. axb4 Bxb4 23. Ra1 a5 24. Kh2 a4 25. Qb7 Qb8 26. Qxb8 Rfxb8 27. Bd4 Rb7 28. f3 Rd8 29. Be3 a3 30. Rc1 axb2 31. Rxb2 Bxc3 32. Rxb7 d2 33. Rd1 Bd5 34. Rbb1 Bxf3 35. Bxd2 Rxd2+ 36. Rxd2 Bxd2 37. Rb8+ Kh7 38. Rc8 c3 0-1

[Event "St Petersburg Korchnoi Memorial op"]
[Site "St Petersburg"]
[Date "2024.08.20"]
[Round "6"]
[White "Kuznetsov, Egor V"]
[Black "Tolstykh, Ivan"]
[Result "1/2-1/2"]
[WhiteElo "1640"]
[BlackElo "1871"]
[PlyCount "84"]
[EventDate "2024.08.17"]
[EventType "swiss"]
[EventRounds "9"]
[EventCountry "RUS"]
[SourceTitle "EXT 2025"]
[Source "ChessBase"]
[SourceDate "2024.10.14"]
[SourceVersion "1"]
[SourceVersionDate "2024.10.14"]
[SourceQuality "1"]

1. e4 c6 2. d4 d5 3. exd5 cxd5 4. Bd3 Nc6 5. c3 Nf6 6. Bf4 Bg4 7. Nf3 e6 8. Nbd2 Be7 9. 0-0 0-0 10. Qb3 Qc8 11. Ne5 Bh5 12. Qc2 Bg6 13. Nxg6 hxg6 14. Nf3 Qd8 15. Rfe1 Rc8 16. Qd2 Nh5 17. a4 Na5 18. Rab1 Nc4 19. Qc1 Nxf4 20. Qxf4 Bf6 21. h4 Qc7 22. Qg4 Nd6 23. Ng5 Nf5 24. g3 Rfe8 25. f4 Qb6 26. Nf3 a6 27. Re2 Bxd4+ 28. cxd4 Nxd4 29. Rf2 f5 30. Qxg6 Nxf3+ 31. Kg2 Nd4 32. h5 Qc7 33. h6 Rf8 34. Rc1 Qe7 35. Rh1 Qf6 36. h7+ Kh8 37. Qh5 Rc7 38. Rh4 g6 39. Qd1 Rxh7 40. Rxh7+ Kxh7 41. Qc1 Nc6 42. Bxa6 Qe7 1/2-1/2

[Event "St Petersburg Korchnoi Memorial op"]
[Site "St Petersburg"]
[Date "2024.08.20"]
[Round "7"]
[White "Tolstykh, Ivan"]
[Black "Saifullin, Ainur"]
[Result "1-0"]
[WhiteElo "1871"]
[BlackElo "1628"]
[PlyCount "81"]
[EventDate "2024.08.17"]
[EventType "swiss"]
[EventRounds "9"]
[EventCountry "RUS"]
[SourceTitle "EXT 2025"]
[Source "ChessBase"]
[SourceDate "2024.10.14"]
[SourceVersion "1"]
[SourceVersionDate "2024.10.14"]
[SourceQuality "1"]

1. d4 Nf6 2. c4 g6 3. g3 Bg7 4. Nf3 d6 5. Bg2 0-0 6. 0-0 Nc6 7. Nc3 a6 8. e4 Bg4 9. Be3 Nd7 10. Ne2 e5 11. d5 Bxf3 12. Bxf3 Ne7 13. Bg2 f5 14. f3 fxe4 15. fxe4 Nf6 16. Nc3 Qd7 17. h3 Nh5 18. Kh2 Rxf1 19. Qxf1 Rf8 20. Qe2 Nf6 21. b4 a5 22. bxa5 Ra8 23. Rb1 c6 24. Qb2 cxd5 25. cxd5 Rc8 26. Nb5 h5 27. Qb4 Rc2 28. Qxd6 Rxa2 29. Qxd7 Nxd7 30. Nd6 Bf8 31. Nxb7 Nf6 32. Kg1 Nc8 33. Rc1 Nd6 34. Nxd6 Bxd6 35. Rc6 Ne8 36. a6 Kf7 37. a7 Ke7 38. Bf1 Nc7 39. Ra6 Ra3 40. Rxa3 Bxa3 41. Bb5 1-0

[Event "St Petersburg Korchnoi Memorial op"]
[Site "St Petersburg"]
[Date "2023.08.21"]
[Round "5"]
[White "Tolstykh, Ivan"]
[Black "Cherepov, Alexej"]
[Result "0-1"]
[WhiteElo "1879"]
[BlackElo "2102"]
[PlyCount "63"]
[EventDate "2023.08.18"]
[EventType "swiss"]
[EventRounds "9"]
[EventCountry "RUS"]
[SourceTitle "CBM 216 Extra"]
[Source "ChessBase"]
[SourceDate "2023.11.30"]
[SourceVersion "1"]
[SourceVersionDate "2023.11.30"]
[SourceQuality "1"]

1. d4 d5 2. c4 c6 3. Nf3 dxc4 4. e3 Be6 5. Nc3 b5 6. a4 b4 7. Ne4 Nf6 8. Nc5 Bd5 9. Bd2 a5 10. Rc1 e6 11. Bxc4 Bxc5 12. dxc5 0-0 13. Be2 Nbd7 14. 0-0 Ne4 15. Nd4 e5 16. Nf5 Ndxc5 17. Be1 Qf6 18. Ng3 Nxg3 19. hxg3 Bb3 20. Qd2 Rfd8 21. Qxd8+ Qxd8 22. Rxc5 Qd6 23. Rc1 Bxa4 24. Bc4 Bb5 25. Bxb5 cxb5 26. f3 a4 27. Rf2 a3 28. bxa3 Qd3 29. Bxb4 Qb3 30. Bc3 f6 31. e4 b4 32. Ba1 0-1

[Event "Chigorin Memorial 28th"]
[Site "St Petersburg"]
[Date "2021.10.28"]
[Round "6"]
[White "Tolstykh, Ivan"]
[Black "Babanin, Gleb"]
[Result "0-1"]
[WhiteElo "1853"]
[BlackElo "2094"]
[PlyCount "58"]
[EventDate "2021.10.23"]
[EventType "swiss"]
[EventRounds "9"]
[EventCountry "RUS"]
[SourceTitle "EXT 2023"]
[Source "ChessBase"]
[SourceDate "2022.10.05"]
[SourceVersion "1"]
[SourceVersionDate "2022.10.05"]
[SourceQuality "1"]

1. d4 Nf6 2. c4 e6 3. g3 d5 4. Nf3 dxc4 5. Bg2 c6 6. Ne5 Bb4+ 7. Bd2 Be7 8. e3 b5 9. a4 b4 10. Nxc4 0-0 11. 0-0 Ba6 12. Qb3 Nbd7 13. Rd1 c5 14. Be1 Rc8 15. Nbd2 cxd4 16. exd4 Rc7 17. Ne5 Qc8 18. Ne4 Nxe4 19. Bxe4 Nf6 20. Bg2 Rd8 21. g4 Be2 22. g5 Bxd1 23. Qxd1 Nd5 24. Bd2 Bd6 25. Qe2 Bxe5 26. dxe5 Rc2 27. Qe1 Rxb2 28. Be4 Nc3 29. Bc1 Re2 0-1

[Event "Chigorin Memorial 28th"]
[Site "St Petersburg"]
[Date "2021.10.27"]
[Round "5"]
[White "Zhurova, Anna"]
[Black "Tolstykh, Ivan"]
[Result "1/2-1/2"]
[WhiteElo "2127"]
[BlackElo "1853"]
[PlyCount "98"]
[EventDate "2021.10.23"]
[EventType "swiss"]
[EventRounds "9"]
[EventCountry "RUS"]
[SourceTitle "EXT 2023"]
[Source "ChessBase"]
[SourceDate "2022.10.05"]
[SourceVersion "1"]
[SourceVersionDate "2022.10.05"]
[SourceQuality "1"]

1. e4 c6 2. d4 d5 3. e5 Bf5 4. Nf3 e6 5. Be2 c5 6. c3 Nc6 7. 0-0 cxd4 8. Nxd4 Nge7 9. Nxf5 Nxf5 10. Bd3 Bc5 11. Bxf5 exf5 12. Qh5 Qd7 13. Bf4 0-0 14. Nd2 Ne7 15. Qf3 h6 16. h4 Qb5 17. b4 Bb6 18. h5 a5 19. a4 Qd7 20. b5 Rac8 21. Rac1 Qe6 22. Bg3 Rc7 23. Bh4 Rfc8 24. Qd3 f4 25. Bxe7 Rxe7 26. c4 d4 27. Rfe1 Bc5 28. Nb3 b6 29. Re4 Qf5 30. Rxd4 Qxe5 31. Rd5 Qb2 32. Rf1 Bb4 33. Rd8+ Re8 34. Rd7 Qe5 35. Nd4 Qxh5 36. Nc6 Bc5 37. Rd5 Qh4 38. Qf5 g6 39. Qd7 f3 40. Ne5 Rf8 41. Nxf3 Qxc4 42. Ne5 Qf4 43. Nd3 Qc4 44. Rc1 Qxa4 45. Nxc5 bxc5 46. Rdxc5 Rxc5 47. Rxc5 Qa1+ 48. Kh2 Qf6 49. Kg1 Qa1+ 1/2-1/2

[Event "Anapa Sea Harbor Cup"]
[Site "Anapa"]
[Date "2021.06.07"]
[Round "6"]
[White "Tolstykh, Ivan"]
[Black "Kurchenko, Egor"]
[Result "1-0"]
[WhiteElo "1618"]
[BlackElo "2068"]
[PlyCount "95"]
[EventDate "2021.06.02"]
[EventType "swiss"]
[EventRounds "9"]
[EventCountry "RUS"]
[SourceTitle "CBM 202 Extra"]
[Source "ChessBase"]
[SourceDate "2021.07.31"]
[SourceVersion "1"]
[SourceVersionDate "2021.07.31"]
[SourceQuality "1"]

1. d4 d5 2. c4 dxc4 3. e3 a6 4. Bxc4 Nf6 5. Nf3 Nc6 6. 0-0 Bg4 7. Nc3 e6 8. Be2 Bd6 9. h3 Bh5 10. Kh1 0-0 11. a3 Qe7 12. Qb3 Rfd8 13. Nd2 Bxe2 14. Nxe2 Nd5 15. Nc4 b5 16. Nxd6 cxd6 17. e4 Nb6 18. Qg3 Kh8 19. b3 Rac8 20. Bd2 Qb7 21. Bf4 d5 22. e5 Rd7 23. Bg5 h6 24. Qh4 Kg8 25. Be3 Ne7 26. Ng3 Ng6 27. Qh5 Kh7 28. f4 Ne7 29. f5 Ng8 30. Qg4 Rc3 31. Nh5 g6 32. fxg6+ fxg6 33. Nf6+ Kg7 34. Qxe6 Rd8 35. Nxg8 Rc6 36. Bxh6+ Kh7 37. Rf7+ Kxg8 38. Rxb7+ Rxe6 39. Rc1 Na8 40. Rf1 g5 41. Bxg5 Rc8 42. Rff7 Rg6 43. h4 Nb6 44. Rf6 Rxf6 45. exf6 Rc6 46. h5 Nc8 47. f7+ Kf8 48. h6 1-0

[Event "St Petersburg Amir Cup Rapid"]
[Site "St Petersburg"]
[Date "2021.05.22"]
[Round "8"]
[White "Kashtanov, Ruslan"]
[Black "Tolstykh, Ivan"]
[Result "1-0"]
[WhiteElo "2376"]
[BlackElo "1806"]
[PlyCount "95"]
[EventDate "2021.05.22"]
[EventType "swiss (rapid)"]
[EventRounds "9"]
[EventCountry "RUS"]
[SourceTitle "CBM 202 Extra"]
[Source "ChessBase"]
[SourceDate "2021.07.31"]
[SourceVersion "1"]
[SourceVersionDate "2021.07.31"]
[SourceQuality "1"]

1. d4 Nf6 2. c4 e6 3. g3 c5 4. Nf3 cxd4 5. Nxd4 d6 6. Bg2 Be7 7. 0-0 0-0 8. Nc3 e5 9. Nc2 Nc6 10. h3 Be6 11. Nd5 Qd7 12. Kh2 h6 13. b3 Rfd8 14. Bb2 Bf5 15. Nce3 Bh7 16. Nxf6+ Bxf6 17. Nd5 Be7 18. Qd2 Bf8 19. e4 Ne7 20. Ne3 Qc6 21. Qd3 h5 22. h4 Rab8 23. a4 a6 24. b4 b6 25. Rfd1 Qc7 26. Bf3 Qc6 27. b5 Qb7 28. bxa6 Qxa6 29. Bxh5 Qb7 30. Bf3 f5 31. Nxf5 Nxf5 32. exf5 Qd7 33. g4 Qe7 34. g5 Kh8 35. Be4 Rbc8 36. Ba3 Rc7 37. Bb4 Ra7 38. Rd2 Bg8 39. a5 Rc7 40. axb6 Rxc4 41. Rb1 Qd7 42. b7 Rxe4 43. Qxe4 d5 44. Qg4 Qc7 45. Bxf8 Rxf8 46. Qh5+ Bh7 47. g6 e4+ 48. Kg2 1-0